[Event "POLFINAL MISTRZOSTW POLSKI JUNIOROW 2019 - C17"]
[Site "Ustron"]
[Date "1899-12-30"]
[Round "3.12"]
[White "Iwanczuk, Krzysztof"]
[Black "Skowron, Mateusz"]
[Result "1-0"]
[WhiteTitle "I"]
[BlackTitle "I"]
[WhiteElo "1857"]
[BlackElo "1582"]

1. e4 c6 2. Nc3 d5 3. Nf3 dxe4 4. Nxe4 Bf5 5. Ng3 Bg6 6. h4 h6 7. Ne5 Bh7 8. Qh5
g6 9. Qf3 Nf6 10. Qb3 Qd5 11. Qxb7 Qxe5+ 12. Be2 e6 13. Qxa8 Bc5 14. c3 Qc7 15.
d4 Bd6 16. Bxh6 Bxg3 17. fxg3 Nd5 18. Bf4 Nxf4 19. gxf4 O-O 20. Bf3 Rc8 21. O-O
Nd7 22. Qxc6 Qxc6 23. Bxc6 Rxc6 24. a4 Nb6 25. a5 Nc4 26. Rf2 a6 27. Ra4 Nd6 28.
Rb4 Nc4 29. Ra4 Nd6 30. Re2 Nf5 31. Rb4 Nxh4 32. Rb6 Rc8 33. Rxa6 g5 34. Re5 gxf4
35. Rc5 Rb8 36. Rb6 Ra8 37. a6 Bd3 38. Ra5 Nf5 39. a7 Kg7 40. Rb8 Be4 41. Rxa8
Bxa8 42. Rb5 Ne3 43. Rb8 Bxg2 44. a8=Q Bxa8 45. Rxa8 Kf6 46. b4 Kf5 47. b5 f3
48. b6 Ke4 49. b7 Ng4 50. Ra2 1-0

[Event "POLFINAL MISTRZOSTW POLSKI JUNIOROW 2019 - C17"]
[Site "Ustron"]
[Date "1899-12-30"]
[Round "3.13"]
[White "Wilgosz, Jan"]
[Black "Michalowski, Patryk"]
[Result "0-1"]
[WhiteTitle "II"]
[BlackTitle "I"]
[WhiteElo "1477"]
[BlackElo "1769"]

1. e4 c5 2. Nc3 Nc6 3. f4 e6 4. Nf3 d5 5. Bb5 Nge7 6. d3 a6 7. Bxc6+ Nxc6 8. a4
Be7 9. O-O O-O 10. Qe2 Nd4 11. Qf2 Nxf3+ 12. Qxf3 dxe4 13. Nxe4 Bd7 14. Bd2 Bc6
15. Bc3 Bxe4 16. dxe4 Qc8 17. f5 f6 18. Rad1 e5 19. Qg4 Qc6 20. Rd3 Rfd8 21. Rh3
Qe8 22. Qh4 h6 23. Rg3 Kh7 24. Rg6 Bf8 25. g4 Rd6 26. Qf2 Qxa4 27. Qe2 Qb5 28.
Qf3 Qe8 29. h4 Rad8 30. Kg2 b5 31. b4 Rc6 32. bxc5 Bxc5 33. g5 Bd4 34. Bxd4 Rxd4
35. gxh6 gxh6 36. Qg4 Rxc2+ 37. Kh1 Rdd2 38. Qh5 Rh2+ 39. Kg1 Rcg2+ 40. Rxg2 Rxg2+
41. Kxg2 Qxh5 0-1

[Event "POLFINAL MISTRZOSTW POLSKI JUNIOROW 2019 - C17"]
[Site "Ustron"]
[Date "1899-12-30"]
[Round "3.15"]
[White "Kucza, Arkadiusz"]
[Black "Lambrecht, Tomasz"]
[Result "0-1"]
[WhiteTitle "II"]
[BlackTitle "I"]
[WhiteElo "1384"]
[BlackElo "1745"]

1. e4 c6 2. d4 d5 3. e5 c5 4. c3 Nc6 5. Nf3 Bg4 6. Be2 e6 7. O-O Bxf3 8. Bxf3 cxd4
9. cxd4 Qb6 10. Be3 Qxb2 11. Nd2 Qb6 12. Rb1 Qc7 13. Qb3 Rb8 14. Rfc1 Nge7 15.
Be2 g6 16. Bg5 Kd7 17. Bb5 a6 18. Bxe7 Bxe7 19. Bxc6+ bxc6 20. Qa4 Bg5 21. Rd1
Bxd2 22. Rxb8 Rxb8 23. Rxd2 Rb1+ 24. Rd1 Qa5 0-1

[Event "POLFINAL MISTRZOSTW POLSKI JUNIOROW 2019 - C17"]
[Site "Ustron"]
[Date "1899-12-30"]
[Round "3.16"]
[White "Bujalski, Mateusz"]
[Black "Kocierz, Pawel"]
[Result "1-0"]
[WhiteTitle "I"]
[BlackTitle "II"]
[WhiteElo "1650"]
[BlackElo "1350"]

1. e4 c5 2. Nc3 g6 3. f4 Bg7 4. Nf3 d6 5. Bc4 Nc6 6. d3 e6 7. O-O Nge7 8. Qe1 O-O
9. Bd2 d5 10. Bb3 Nd4 11. Nxd4 cxd4 12. Nd1 dxe4 13. dxe4 a5 14. Nf2 b5 15. a4
b4 16. Nd3 Ba6 17. Rf3 Bxd3 18. cxd3 Rc8 19. Qe2 Nc6 20. g4 h6 21. Qg2 g5 22.
Qh3 gxf4 23. Bxf4 Kh7 24. g5 Rh8 25. gxh6 Be5 26. Qh5 Qc7 27. Bg5 Bxh2+ 28. Qxh2
Rhg8 29. Qxc7 Rxc7 30. Rg3 Ne5 31. Bf4 Nf3+ 32. Kf2 1-0

[Event "POLFINAL MISTRZOSTW POLSKI JUNIOROW 2019 - C17"]
[Site "Ustron"]
[Date "1899-12-30"]
[Round "3.17"]
[White "Gazda, Dominik"]
[Black "Sandomierski, Cyprian"]
[Result "0-1"]
[WhiteTitle "I"]
[BlackTitle "I"]
[WhiteElo "1640"]
[BlackElo "1645"]

1. e4 c5 2. Nf3 d6 3. Bb5+ Bd7 4. Bxd7+ Qxd7 5. O-O Nf6 6. Re1 Nc6 7. d4 cxd4 8.
Nxd4 e6 9. c4 Be7 10. Nc3 a6 11. Be3 O-O 12. f3 Rac8 13. Rc1 Rc7 14. Qd2 Rb8 15.
Nb3 Ne5 16. Bf2 Nxc4 17. Qe2 b5 18. Red1 Rbc8 19. f4 b4 20. Nb1 Qa4 21. e5 Nd5
22. Rxd5 exd5 23. e6 f6 24. Nd4 Nxb2 25. Re1 Nc4 26. Nf5 Qe8 27. Qd3 Nb2 28. Qxd5
Rc1 29. Nd2 Rxe1+ 30. Bxe1 Rc5 31. Qe4 d5 32. Qb1 Nc4 33. Nb3 Rc7 34. Qd3 Qb5
35. Qg3 g6 36. Nbd4 Qb6 37. Bf2 Bc5 38. e7 Bxe7 39. Nh6+ Kh8 40. f5 Ne5 41. Nb3
Qd6 42. fxg6 hxg6 43. Bd4 Bf8 44. Qh3 Kg7 45. Bb2 Qd7 46. Qg3 Kxh6 47. Bxe5 fxe5
48. Qxe5 Qe7 49. Qh8+ Kg5 50. h4+ Kg4 51. Qd4+ Qe4 0-1

[Event "POLFINAL MISTRZOSTW POLSKI JUNIOROW 2019 - C17"]
[Site "Ustron"]
[Date "1899-12-30"]
[Round "3.18"]
[White "Drozdzal, Michal"]
[Black "Szeliga, Sebastian"]
[Result "1-0"]
[WhiteTitle "II+"]
[BlackTitle "I"]
[WhiteElo "1509"]
[BlackElo "1473"]

1. d4 Nf6 2. Bf4 e6 3. e3 b6 4. Nf3 Bb7 5. Nbd2 Be7 6. Bd3 d6 7. c3 Nbd7 8. Qc2
c5 9. O-O-O a6 10. e4 b5 11. Bxd6 Bxd6 12. e5 Bxe5 13. dxe5 Ng4 14. Ne4 O-O 15.
Nxc5 Bxf3 16. Bxh7+ Kh8 17. Rxd7 Qg5+ 18. Kb1 Nxe5 19. Rd4 Bxg2 20. f4 Qh5 21.
Qxg2 Qxh7+ 22. Ka1 Nc4 23. Rd3 Kg8 24. Rg1 Qg6 25. Rg3 Qh6 26. Rxg7+ Kh8 27. Nd7
Rfd8 28. Nf6 Rd2 29. Rg8+ 1-0

[Event "POLFINAL MISTRZOSTW POLSKI JUNIOROW 2019 - C17"]
[Site "Ustron"]
[Date "1899-12-30"]
[Round "3.19"]
[White "Bienias, Michal"]
[Black "Zolkiewski, Jakub"]
[Result "0-1"]
[WhiteTitle "III"]
[BlackTitle "I"]
[WhiteElo "1285"]
[BlackElo "1752"]

1. e4 e6 2. Nf3 d5 3. exd5 exd5 4. d4 Nf6 5. Bd3 Bd6 6. O-O O-O 7. Re1 Bg4 8. h3
Bh5 9. Bg5 Nbd7 10. g4 Bg6 11. Bxg6 hxg6 12. Ne5 Re8 13. f4 c5 14. Nxd7 Qxd7 15.
Bxf6 gxf6 16. Nc3 Rxe1+ 17. Qxe1 Bxf4 18. Qf2 cxd4 19. Qxd4 Be5 20. Qxd5 Qxd5
21. Nxd5 Bxb2 22. Rb1 Bd4+ 23. Kf1 b6 24. Rb4 Be5 25. Ke2 Kg7 26. Ra4 Rd8 27.
c4 b5 28. Rxa7 bxc4 29. Nb4 c3 30. Ke1 Bg3+ 31. Ke2 Rd2+ 32. Ke3 Bf2+ 0-1

[Event "POLFINAL MISTRZOSTW POLSKI JUNIOROW 2019 - C17"]
[Site "Ustron"]
[Date "1899-12-30"]
[Round "3.20"]
[White "Grzegorski, Michal"]
[Black "Karas, Kacper"]
[Result "1-0"]
[WhiteTitle "I"]
[BlackTitle "II"]
[WhiteElo "1747"]
[BlackElo "1133"]

1. e4 c5 2. Nf3 d6 3. d4 cxd4 4. Nxd4 Nf6 5. Nc3 a6 6. Bg5 e6 7. f4 Be7 8. Qf3
Qc7 9. Bd3 Nbd7 10. O-O-O b5 11. g4 Bb7 12. Bxf6 gxf6 13. a3 Qb6 14. Nce2 Nc5
15. b4 Nxd3+ 16. Qxd3 d5 17. e5 Rc8 18. Ng3 fxe5 19. fxe5 Rg8 20. h3 Bg5+ 21.
Kb2 Bf4 22. Rhe1 Rc4 23. Nh5 Bg5 24. Rf1 a5 25. c3 axb4 26. axb4 Qc7 27. Nf6+
Bxf6 28. Rxf6 Qxe5 29. Rdf1 Rg7 30. Qf3 Rxb4+ 31. cxb4 Qxd4+ 32. Qc3 Qe4 33. R1f2
e5 34. Qc5 d4 35. Qxb5+ Qc6 36. Qxe5+ 1-0

[Event "POLFINAL MISTRZOSTW POLSKI JUNIOROW 2019 - C17"]
[Site "Ustron"]
[Date "1899-12-30"]
[Round "3.21"]
[White "Rudzinski, Damian"]
[Black "Drygas, Wojciech"]
[Result "0-1"]
[WhiteTitle "II"]
[BlackTitle "II"]
[WhiteElo "1015"]
[BlackElo "1477"]

1. e4 c5 2. Nf3 d6 3. d4 cxd4 4. Nxd4 Nf6 5. Nc3 g6 6. Be3 Bg7 7. Bc4 O-O 8. Qd2
Nc6 9. O-O-O Bd7 10. Bh6 Rc8 11. Bxg7 Kxg7 12. Bb3 a5 13. Kb1 Nxd4 14. Qxd4 b5
15. h4 Kg8 16. f3 a4 17. Nxa4 bxa4 18. Bxa4 Bxa4 19. Qxa4 Qb6 20. g4 Ra8 21. Qc4
Qa6 22. Qxa6 Rxa6 23. h5 Nd7 24. Rh3 Rfa8 25. a3 g5 26. Rd5 h6 27. Rb5 Rb6 28.
Rxb6 Nxb6 29. Rh1 Nc4 30. Ka2 Kg7 31. Rd1 Kf6 32. Rd3 Nb6 33. b4 Ke5 34. Kb3 Kf4
35. c4 Nd7 36. a4 Ne5 37. Rc3 Nxf3 38. b5 Nd2+ 39. Kb4 Nxe4 40. Ra3 Nc5 41. b6
e5 42. Kb5 e4 43. a5 e3 44. a6 e2 45. Ra1 Rxa6 46. Rxa6 Nxa6 47. Kxa6 e1=Q 48.
b7 Qb4 49. Ka7 Qa5+ 0-1

[Event "POLFINAL MISTRZOSTW POLSKI JUNIOROW 2019 - C17"]
[Site "Ustron"]
[Date "1899-12-30"]
[Round "4.1"]
[White "Zerebiec, Maurycy"]
[Black "Distel, Pawel"]
[Result "1-0"]
[WhiteTitle "I"]
[BlackTitle "I"]
[WhiteElo "1825"]
[BlackElo "1809"]

1. e4 g6 2. d4 d6 3. Nc3 Bg7 4. Be3 a6 5. a3 Nf6 6. f3 Nbd7 7. Qd2 h5 8. h4 b5
9. Be2 c6 10. Nh3 Nb6 11. b3 Qc7 12. Nf2 Bb7 13. Nd3 Nfd7 14. O-O-O a5 15. Nb2
b4 16. Nb1 c5 17. dxc5 Nxc5 18. Bb5+ Kf8 19. Nc4 Nxc4 20. Bxc4 Ba6 21. Qd5 e6
22. Qxd6+ Qxd6 23. Rxd6 Bxc4 24. Bxc5 Bh6+ 25. Kb2 Rc8 26. Rd8+ Kg7 27. Bd4+ e5
28. Bxe5+ f6 29. Rxh8 Rxh8 30. bxc4 fxe5 31. axb4 axb4 32. Kb3 Rd8 33. Kxb4 Be3
34. Na3 Kf6 35. Nb5 Rd2 36. Nc7 Kf7 37. Nd5 Bd4 38. Rc1 Rxg2 39. c5 Ke6 40. c3
Bf2 41. c6 Bxh4 42. c7 Kd7 43. Ra1 Rb2+ 44. Kc4 1-0

[Event "POLFINAL MISTRZOSTW POLSKI JUNIOROW 2019 - C17"]
[Site "Ustron"]
[Date "1899-12-30"]
[Round "4.2"]
[White "Kulesza, Andrzej"]
[Black "Kukorowski, Jan"]
[Result "1-0"]
[WhiteTitle "I+"]
[BlackTitle "I+"]
[WhiteElo "1971"]
[BlackElo "1837"]

1. e4 e6 2. d4 d5 3. Nd2 c5 4. Ngf3 Nc6 5. exd5 Qxd5 6. Bc4 Qd7 7. Nb3 cxd4 8.
O-O a6 9. a4 Nf6 10. Nbxd4 Nxd4 11. Nxd4 Bd6 12. b3 O-O 13. Bb2 Qc7 14. Nf3 e5
15. h3 b6 16. Qe2 Bb7 17. Rfd1 Ne4 18. Nd2 Nf6 19. Nf3 e4 20. Nd4 Rfe8 21. Nf5
Bh2+ 22. Kh1 Be5 23. Bxe5 Qxe5 24. Nd6 Re7 25. Nxb7 Rxb7 26. Bxa6 Re7 27. Bc4
Nh5 28. Qe3 Rb8 29. Qd4 Qf4 30. Qxb6 e3 31. Rd8+ Re8 32. Qxb8 Qxb8 33. Rxb8 Rxb8
34. fxe3 Re8 35. a5 Ra8 36. a6 Ra7 37. b4 Nf6 38. b5 Nd7 39. b6 Nxb6 40. Rb1 Nd7
41. Rb7 Rxb7 42. axb7 Kf8 43. Bb5 Nb8 44. c4 Ke7 45. c5 Kd8 46. c6 Kc7 47. Kh2
Kb6 48. Kg3 Kc7 49. Kf4 Kd6 50. Ke4 g6 51. g4 h6 52. h4 f6 53. h5 f5+ 54. Kf4
gxh5 55. gxh5 1-0

[Event "POLFINAL MISTRZOSTW POLSKI JUNIOROW 2019 - C17"]
[Site "Ustron"]
[Date "1899-12-30"]
[Round "4.3"]
[White "Cisek, Kamil"]
[Black "Namyslak, Piotr"]
[Result "1/2-1/2"]
[WhiteTitle "I+"]
[BlackTitle "I"]
[WhiteElo "1963"]
[BlackElo "1725"]

1. d4 f5 2. g3 Nf6 3. Bg2 d5 4. Nf3 e6 5. c4 c6 6. O-O Nbd7 7. b3 Be7 8. Bb2 h6
9. Nc3 Ne4 10. Nd2 Nxc3 11. Bxc3 O-O 12. e3 b6 13. f3 Bb7 14. e4 f4 15. Bh3 Rf6
16. gxf4 Nf8 17. f5 exf5 18. Bxf5 Bc8 19. Bxc8 Qxc8 20. Kh1 Qh3 21. Qe2 Rg6 22.
Rg1 Bg5 23. Rg4 Ne6 24. exd5 cxd5 25. Qf1 Qh5 26. cxd5 Bxd2 27. Bxd2 Rxg4 28.
fxg4 Qxd5+ 29. Qg2 Qxg2+ 30. Kxg2 Nxd4 1/2-1/2

[Event "POLFINAL MISTRZOSTW POLSKI JUNIOROW 2019 - C17"]
[Site "Ustron"]
[Date "1899-12-30"]
[Round "4.4"]
[White "Zareba, Maciej"]
[Black "Pytel, Maciej"]
[Result "1/2-1/2"]
[WhiteTitle "I"]
[BlackTitle "k"]
[WhiteElo "1796"]
[BlackElo "1949"]

1. e4 c5 2. Nf3 e6 3. d4 cxd4 4. Nxd4 a6 5. Nc3 Qc7 6. f4 d6 7. Be2 b5 8. a3 Bb7
9. Be3 Nd7 10. Bf3 Ngf6 11. Nb3 Rd8 12. Qe2 h5 13. O-O-O Be7 14. Bf2 Ba8 15. Rhe1
Nb6 16. Bxb6 Qxb6 17. e5 Bxf3 18. gxf3 dxe5 19. Rxd8+ Bxd8 20. fxe5 Nd7 21. f4
g6 22. Ne4 O-O 23. Rd1 Nb8 24. Rd6 Qa7 25. Kb1 Be7 26. Rd3 Rc8 27. Qd2 Kg7 28.
Qg2 Qa8 29. Nd4 Nc6 30. f5 Nxe5 31. fxg6 Nxg6 32. Nxe6+ fxe6 33. Rg3 Rg8 34. Rxg6+
Kf7 35. Rxg8 Qxg8 36. Qf3+ Kg6 37. Ng3 h4 38. Qe4+ Kf7 39. Qf4+ Ke8 40. Ne4 Qg1+
41. Ka2 Qd4 42. Qb8+ Qd8 43. Qf4 Qd5+ 44. b3 Qd1 45. Qc7 a5 46. Qc3 Qe2 47. Qh8+
Bf8 48. Nd6+ Ke7 49. Nc8+ Kf7 50. Qh7+ Ke8 51. Nb6 Qd1 52. Qg6+ Kd8 53. Qf6+ Be7
54. Qc3 Ke8 55. Qh8+ Bf8 56. Qc3 Qd6 57. Qxa5 Qc6 58. c4 Qg2+ 59. Kb1 Qg1+ 60.
Kc2 Qxh2+ 61. Kd3 Qg3+ 62. Ke2 Qxb3 63. Qxb5+ Qxb5 64. cxb5 Bxa3 65. Kf3 Kd8 1/2-1/2

[Event "POLFINAL MISTRZOSTW POLSKI JUNIOROW 2019 - C17"]
[Site "Ustron"]
[Date "1899-12-30"]
[Round "4.5"]
[White "Michalowski, Patryk"]
[Black "Maciejewski, Kamil"]
[Result "1/2-1/2"]
[WhiteTitle "I"]
[BlackTitle "I+"]
[WhiteElo "1769"]
[BlackElo "2007"]

1. e4 e5 2. Nf3 Nc6 3. Bb5 a6 4. Ba4 Nf6 5. O-O Be7 6. Re1 b5 7. Bb3 d6 8. c3 O-O
9. h3 Nb8 10. d3 Nbd7 11. Nbd2 Bb7 12. Nf1 Nc5 13. Bc2 Re8 14. Ng3 Bf8 15. Nf5
d5 16. exd5 Qxd5 17. d4 exd4 18. Rxe8 Rxe8 19. Qxd4 Qxd4 20. N5xd4 Be4 21. Be3
Nd5 22. Bxe4 Rxe4 23. Nc2 Na4 24. Rb1 f5 25. Nd2 Re8 26. c4 Nxe3 27. fxe3 f4 28.
cxb5 fxe3 29. Nc4 axb5 30. N4xe3 Bc5 31. Kf2 Nb6 32. b4 Be7 33. Nd4 Bh4+ 34. Kf3
Bg5 35. Rb3 Bxe3 36. Rxe3 Rxe3+ 37. Kxe3 Nd5+ 38. Ke4 Nc3+ 39. Ke5 Nxa2 40. Nxb5
c6 41. Nd4 Nxb4 42. Nb3 Nd3+ 43. Ke4 Nb4 44. g4 Kf7 45. Nc5 Nd5 46. Ke5 Kg6 47.
Ne6 Nc3 48. Nd4 c5 49. Ne6 Na4 50. Kd5 Kf6 51. g5+ Kf7 52. Nf4 h6 53. h4 Ke7 54.
Ng6+ Kf7 55. Ne5+ Kg8 56. Ng4 Kh7 57. gxh6 gxh6 58. Nxh6 Kxh6 59. Kc4 Nb6+ 60.
Kxc5 Kh5 1/2-1/2

[Event "POLFINAL MISTRZOSTW POLSKI JUNIOROW 2019 - C17"]
[Site "Ustron"]
[Date "1899-12-30"]
[Round "4.6"]
[White "Kukula, Karol"]
[Black "Iwanczuk, Krzysztof"]
[Result "1/2-1/2"]
[WhiteTitle "I"]
[BlackTitle "I"]
[WhiteElo "1757"]
[BlackElo "1857"]

1. e4 c5 2. Nf3 Nc6 3. Bb5 d6 4. d4 cxd4 5. Nxd4 Bd7 6. Nc3 g6 7. O-O Bg7 8. Be3
Nf6 9. h3 O-O 10. Nxc6 Bxc6 11. Bxc6 bxc6 12. Qf3 Nd7 13. Rfd1 Rb8 14. Rab1 Qa5
15. Bd4 Ne5 16. Qe2 Rb4 17. a3 Nf3+ 18. Qxf3 Rxd4 19. Rxd4 Bxd4 20. Ne2 Bg7 21.
Qe3 Rb8 22. b4 Qa6 23. Qd3 Qxd3 24. cxd3 a5 25. Kf1 axb4 26. axb4 Rb5 27. Rc1
Rxb4 28. Rxc6 Rb1+ 29. Rc1 Rxc1+ 30. Nxc1 Kf8 31. Ke2 1/2-1/2

[Event "POLFINAL MISTRZOSTW POLSKI JUNIOROW 2019 - C17"]
[Site "Ustron"]
[Date "1899-12-30"]
[Round "4.7"]
[White "Kozlowski, Pawel"]
[Black "Ossolinski, Ziemowit"]
[Result "0-1"]
[WhiteTitle "I"]
[BlackTitle "I+"]
[WhiteElo "1850"]
[BlackElo "1765"]

1. f4 d5 2. Nf3 g6 3. e3 Bg7 4. d4 Nf6 5. Bd3 O-O 6. O-O b6 7. b3 Ba6 8. c4 dxc4
9. bxc4 c5 10. Nbd2 Nc6 11. Nb3 Rc8 12. dxc5 Nb4 13. Be2 Ne4 14. Ne5 Qxd1 15.
Bxd1 bxc5 16. a3 Nc6 17. Nxc6 Rxc6 18. Bf3 Rb6 19. Bxe4 Rxb3 20. Rb1 Rxb1 21.
Bxb1 Bxc4 22. Rd1 Rb8 23. Be4 f5 24. Bf3 Kf7 25. Kf2 Be6 26. Bd2 Rb2 27. Ke1 c4
28. Rc1 Rb3 29. Bb4 Rxe3+ 30. Kd2 Rd3+ 31. Kc2 Bh6 32. Rf1 Bg7 33. Bc6 a5 34.
Bc5 Rc3+ 35. Kd2 Rb3 36. Rc1 Bb2 37. Rb1 c3+ 38. Kc2 Rb8 39. Re1 Bb3+ 40. Kb1
e6 41. Bf3 Ba4 42. Bd6 Rb6 43. Bc7 Rb3 44. Bd1 Rxa3 45. Bxa4 Ra1+ 46. Kc2 Rxe1
47. Bxa5 Ra1 0-1

[Event "POLFINAL MISTRZOSTW POLSKI JUNIOROW 2019 - C17"]
[Site "Ustron"]
[Date "1899-12-30"]
[Round "4.8"]
[White "Marciniak, Leonard"]
[Black "Rogala, Milosz"]
[Result "1/2-1/2"]
[WhiteTitle "I+"]
[BlackTitle "II+"]
[WhiteElo "1634"]
[BlackElo "1812"]

1. d4 d5 2. Nf3 Nf6 3. Bf4 e6 4. e3 Bd6 5. Nbd2 O-O 6. Bd3 Bxf4 7. exf4 b6 8. Qe2
Bb7 9. c3 c5 10. Ne5 cxd4 11. cxd4 Nc6 12. Nxc6 Bxc6 13. O-O Qd6 14. g3 Qb4 15.
Nf3 Ne4 16. a3 Qd6 17. Rac1 Bb7 18. Rc2 Rac8 19. Rfc1 Qb8 20. Nd2 Nxd2 21. Qxd2
Rxc2 22. Rxc2 Rc8 23. Qc1 h6 24. Rxc8+ Qxc8 25. Qd2 Ba6 26. Bxa6 Qxa6 27. Kg2
Qc4 28. h4 h5 29. f3 a5 30. Kf2 g6 1/2-1/2

[Event "POLFINAL MISTRZOSTW POLSKI JUNIOROW 2019 - C17"]
[Site "Ustron"]
[Date "1899-12-30"]
[Round "4.9"]
[White "Sandomierski, Cyprian"]
[Black "Wierzbicki, Michal"]
[Result "1-0"]
[WhiteTitle "I"]
[BlackTitle "I++"]
[WhiteElo "1645"]
[BlackElo "1969"]

1. e4 e6 2. d4 d5 3. Nd2 Nc6 4. c3 e5 5. Bb5 exd4 6. Bxc6+ bxc6 7. cxd4 dxe4 8.
Nxe4 Bb4+ 9. Nc3 Nf6 10. Nge2 O-O 11. O-O Bd6 12. h3 h6 13. Qc2 Re8 14. Rd1 Be6
15. Bf4 Qd7 16. Qa4 g5 17. Bxd6 cxd6 18. Ng3 d5 19. Qc2 Qd6 20. Na4 Ne4 21. Nxe4
dxe4 22. Qc5 Qf4 23. Re1 Bd5 24. Re3 f5 25. Nc3 Red8 26. Nxd5 cxd5 27. Qc6 Qd6
28. Rc3 Qxc6 29. Rxc6 Kg7 30. Rac1 Rd7 31. Rc7 Rad8 32. b4 Kf6 33. R1c6+ Kg7 34.
b5 f4 35. a4 h5 36. a5 Kf8 37. b6 axb6 38. axb6 Re7 39. b7 e3 40. Kf1 e2+ 41.
Ke1 Rde8 42. Rxe7 Kxe7 43. Rc8 1-0

[Event "POLFINAL MISTRZOSTW POLSKI JUNIOROW 2019 - C17"]
[Site "Ustron"]
[Date "1899-12-30"]
[Round "4.10"]
[White "Grochol, Kamil"]
[Black "Tomkowicz, Kamil"]
[Result "1-0"]
[WhiteTitle "I"]
[BlackTitle "I"]
[WhiteElo "1896"]
[BlackElo "1616"]

1. e4 e6 2. d4 d5 3. Bd3 dxe4 4. Bxe4 Nf6 5. Bf3 c5 6. Ne2 Nc6 7. Be3 Nd5 8. Bxd5
exd5 9. dxc5 Be6 10. c3 a5 11. Nd2 Ne5 12. Nf4 Ng4 13. Nxe6 Nxe3 14. Qa4+ Qd7
15. Qxd7+ Kxd7 16. Nxf8+ 1-0

[Event "POLFINAL MISTRZOSTW POLSKI JUNIOROW 2019 - C17"]
[Site "Ustron"]
[Date "1899-12-30"]
[Round "4.11"]
[White "Wloch, Mikolaj"]
[Black "Bujalski, Mateusz"]
[Result "0-1"]
[WhiteTitle "I"]
[BlackTitle "I"]
[WhiteElo "1868"]
[BlackElo "1650"]

1. e4 c5 2. Nf3 Nc6 3. d4 cxd4 4. Nxd4 Nf6 5. Nc3 e6 6. Be3 Bb4 7. Bd3 d5 8. exd5
Nxd5 9. Nxc6 bxc6 10. O-O Nxc3 11. bxc3 Bxc3 12. Rb1 Qc7 13. Qf3 Be5 14. h3 O-O
15. Rb4 f5 16. Bc5 Bd6 17. Bxd6 Qxd6 18. Rb3 Bd7 19. Bc4 Kh8 20. Rd3 Qe7 21. Rfd1
Be8 22. Rd6 e5 23. Qd3 e4 24. Qd4 Bh5 25. Rd2 Qg5 26. Rd7 Bf3 27. g3 f4 28. h4
Qg6 29. Kh2 e3 30. Bd3 Qg4 31. Bf5 fxg3+ 32. fxg3 Qxd4 33. R2xd4 Rxf5 34. Rxa7
Rff8 35. Re7 Rae8 36. Rf4 Kg8 37. Rxe8 Rxe8 38. Rxf3 e2 0-1

[Event "POLFINAL MISTRZOSTW POLSKI JUNIOROW 2019 - C17"]
[Site "Ustron"]
[Date "1899-12-30"]
[Round "4.12"]
[White "Dytman, Radoslaw"]
[Black "Majocha, Piotr"]
[Result "1/2-1/2"]
[WhiteTitle "I"]
[BlackTitle "I++"]
[WhiteElo "1758"]
[BlackElo "1803"]

1. Nf3 Nf6 2. g3 d5 3. Bg2 c6 4. d3 Bg4 5. Nbd2 Nbd7 6. O-O e5 7. e4 dxe4 8. Nxe4
Nxe4 9. dxe4 Be7 10. Be3 O-O 11. c3 Qc7 12. Qc2 a5 13. Rfd1 Rfd8 14. Rd2 Be6 15.
Ng5 Bxg5 16. Bxg5 f6 17. Be3 Nb6 18. Rxd8+ Rxd8 19. Rd1 Rxd1+ 20. Qxd1 Nc4 21.
Bc1 Qd6 22. Qh5 Qd7 23. Qe2 a4 24. Bf1 b5 25. f4 Bg4 26. Qd3 Qxd3 27. Bxd3 Nd6
28. Kf2 Be6 29. a3 Bc4 30. Bc2 Kf7 31. fxe5 fxe5 32. Kf3 Bb3 33. Bd3 Bd1+ 34.
Kf2 Ke6 35. Be3 Bb3 36. Bc5 Nc4 37. Bxc4+ Bxc4 38. Kf3 Bd3 39. Ke3 Bc2 40. Bf8
g6 41. h4 h5 42. Bc5 Bb1 43. Kf3 Bc2 44. Ke3 Bb1 45. Kf3 Bc2 46. Ke3 Bb3 47. Kf3
Bd1+ 48. Ke3 Bb3 49. Kf3 Bc2 50. Ke3 Bb1 51. Kf3 1/2-1/2

[Event "POLFINAL MISTRZOSTW POLSKI JUNIOROW 2019 - C17"]
[Site "Ustron"]
[Date "1899-12-30"]
[Round "4.13"]
[White "Lambrecht, Tomasz"]
[Black "Grochowski, Michal"]
[Result "1/2-1/2"]
[WhiteTitle "I"]
[BlackTitle "I"]
[WhiteElo "1745"]
[BlackElo "1778"]

1. d4 Nf6 2. c4 c5 3. d5 b5 4. cxb5 a6 5. bxa6 e6 6. Nc3 exd5 7. Nxd5 Be7 8. Bf4
Nxd5 9. Qxd5 Nc6 10. e4 O-O 11. Nf3 Bxa6 12. Bxa6 Qa5+ 13. Qd2 Qxa6 14. Qe2 Bf6
15. Qxa6 Rxa6 16. e5 Nxe5 17. Bxe5 Bxe5 18. Nxe5 Re8 19. O-O-O Rxe5 20. Rxd7 g6
21. a3 Rb6 22. Rhd1 Rh5 23. h3 Rf6 24. R1d2 Rhf5 25. f3 Rf4 26. Rc2 R6f5 27. Rc7
Re5 28. R7xc5 Re1+ 29. Kd2 Rg1 30. Ke3 Ra4 31. Rb5 Ra7 32. Kf2 Rd1 33. Rbc5 h5
34. Kg3 Rb1 35. R5c4 Kg7 36. a4 Ra1 37. b3 Rb1 38. Rb4 Ra1 39. Rb5 Ra3 40. Kf4
Kf6 41. Rc6+ Kg7 42. Rc2 Ra1 43. Ke4 Rd7 44. Ke3 h4 45. Rb4 g5 46. f4 Re1+ 47.
Kf2 Rb1 48. fxg5 Rd3 49. a5 Rd5 50. a6 Rf5+ 51. Ke3 Ra1 52. Ra4 Rxa4 53. bxa4
Rxg5 54. Ra2 Ra5 55. a7 Rxa7 56. a5 Kg6 57. a6 Kg5 58. Ra5+ f5 59. Kf3 Kf6 60.
Kf4 Kg6 61. Ke5 Kg5 62. Kd6 Kf4 63. Kc6 Kg3 64. Kb6 Rxa6+ 65. Kxa6 Kxg2 66. Rxf5
Kxh3 67. Kb5 Kg2 68. Rg5+ Kh2 69. Kc4 h3 70. Rh5 Kg2 71. Kd3 h2 1/2-1/2

[Event "POLFINAL MISTRZOSTW POLSKI JUNIOROW 2019 - C17"]
[Site "Ustron"]
[Date "1899-12-30"]
[Round "4.14"]
[White "Golinski, Kacper"]
[Black "Bojczewski, Mateusz"]
[Result "1/2-1/2"]
[WhiteTitle "I"]
[BlackTitle "I+"]
[WhiteElo "1736"]
[BlackElo "1895"]

1. d4 Nf6 2. c4 e6 3. Nf3 d5 4. e3 c6 5. Nc3 Nbd7 6. cxd5 exd5 7. Bd3 Bd6 8. O-O
O-O 9. Rb1 Qe7 10. Nd2 Nb6 11. e4 dxe4 12. Ndxe4 Nxe4 13. Nxe4 Bf5 14. Re1 Bxe4
15. Bxe4 Qf6 16. Qf3 Qxd4 17. Be3 Qe5 18. g3 Bc5 19. Bf4 Qf6 20. Qh5 Bxf2+ 21.
Kxf2 Qd4+ 22. Kg2 f5 23. Bf3 Nd5 24. Be5 Ne3+ 25. Rxe3 Qxe3 26. Bc3 Qe6 27. Qg5
Qf7 28. Rd1 h6 29. Qh4 f4 30. Bh5 Qf5 31. Qe7 f3+ 32. Kf2 Qc2+ 33. Rd2 Qh7 34.
Rd7 Qc2+ 35. Rd2 Qh7 36. Rd7 1/2-1/2

[Event "POLFINAL MISTRZOSTW POLSKI JUNIOROW 2019 - C17"]
[Site "Ustron"]
[Date "1899-12-30"]
[Round "4.15"]
[White "Zolkiewski, Jakub"]
[Black "Drozdzal, Michal"]
[Result "1/2-1/2"]
[WhiteTitle "I"]
[BlackTitle "II+"]
[WhiteElo "1752"]
[BlackElo "1509"]

1. d4 Nf6 2. c4 e5 3. dxe5 Ng4 4. Bf4 g5 5. Bd2 Nxe5 6. Bc3 Bg7 7. Nf3 Nbc6 8.
Nxe5 Nxe5 9. e3 Qe7 10. Be2 d6 11. O-O g4 12. f4 gxf3 13. Bxf3 Qg5 14. Qe2 Bf5
15. e4 Be6 16. Na3 Nxf3+ 17. Qxf3 Bxc3 18. Qxc3 Rg8 19. Rf2 O-O-O 20. Nb5 a6 21.
Nd4 h5 22. b4 Qe5 23. b5 a5 24. Re1 Rg4 25. Qd3 Rdg8 26. Nxe6 fxe6 27. Rfe2 Qg5
28. Qf3 h4 29. Kh1 Rf4 30. Qe3 Rg4 31. Qxg5 R8xg5 32. Rc1 Re5 33. Rce1 Kd7 34.
Kg1 c6 35. a4 Kc7 36. Re3 Kb6 37. g3 Kc5 38. Kg2 hxg3 39. hxg3 Kd4 40. Kf3 Reg5
41. Kf2 Re5 42. Kf3 Reg5 43. Kf2 Kxc4 44. Rc1+ Kd4 45. Rce1 1/2-1/2

[Event "POLFINAL MISTRZOSTW POLSKI JUNIOROW 2019 - C17"]
[Site "Ustron"]
[Date "1899-12-30"]
[Round "4.16"]
[White "Drygas, Wojciech"]
[Black "Grzegorski, Michal"]
[Result "0-1"]
[WhiteTitle "II"]
[BlackTitle "I"]
[WhiteElo "1477"]
[BlackElo "1747"]

1. e4 c5 2. Nf3 d6 3. Bb5+ Nd7 4. d4 cxd4 5. Qxd4 Ngf6 6. c4 g6 7. Nc3 Bg7 8. Qd3
O-O 9. Bxd7 Nxd7 10. Be3 Nc5 11. Qc2 Bxc3+ 12. bxc3 Be6 13. h4 Bxc4 14. h5 Bd3
15. Qd2 Bxe4 16. Bd4 e5 17. Ng5 exd4 18. Nxh7 Qe7 19. Kf1 Rfe8 20. Qh6 f6 21.
hxg6 Qg7 22. Qf4 Re6 23. cxd4 Qxg6 24. f3 Bd3+ 25. Kg1 Rae8 26. Qh4 Qxh7 27. Qf4
Qg6 28. Rh2 Qg5 29. Qxg5+ fxg5 30. dxc5 dxc5 31. Kf2 c4 0-1

[Event "POLFINAL MISTRZOSTW POLSKI JUNIOROW 2019 - C17"]
[Site "Ustron"]
[Date "1899-12-30"]
[Round "4.17"]
[White "Skowron, Mateusz"]
[Black "Wilgosz, Jan"]
[Result "1-0"]
[WhiteTitle "I"]
[BlackTitle "II"]
[WhiteElo "1582"]
[BlackElo "1477"]

1. e4 e5 2. Nf3 Nc6 3. Bb5 a6 4. Ba4 Nf6 5. d3 b5 6. Bb3 Be7 7. O-O O-O 8. c3 d6
9. Nbd2 Be6 10. Re1 Bxb3 11. Nxb3 d5 12. Qe2 Re8 13. Bg5 dxe4 14. dxe4 Nd7 15.
Be3 Bd6 16. Rad1 h6 17. c4 b4 18. Nfd2 Qf6 19. Nf1 Nf8 20. Ng3 a5 21. Nf5 Be7
22. Rd5 Ne6 23. Red1 a4 24. Nd2 Nf4 25. Bxf4 exf4 26. Qg4 Bd6 27. c5 Be5 28. Nc4
b3 29. axb3 axb3 30. Nxe5 Rxe5 31. Qxf4 Ra4 32. Rxe5 Nxe5 33. Nxh6+ Qxh6 34. Qxe5
Rc4 35. Qe8+ Kh7 36. Qxf7 Rc1 37. Qxb3 Rxc5 38. h3 Re5 39. Qc4 Rg5 40. Qd3 Qg6
41. Qf3 Re5 42. Rd4 Qb6 43. Qc3 c5 44. Rd7 Rg5 45. Rd5 Rxd5 46. exd5 Qd6 47. Qd3+
Kh8 48. Qf5 c4 49. Qh5+ Kg8 50. Qe8+ Kh7 51. Qe4+ Kh8 52. Qxc4 1-0